| 000 | 00673nam a2200253Ia 4500 | ||
|---|---|---|---|
| 003 | OSt | ||
| 005 | 20221005042728.0 | ||
| 006 | a|||||r|||| 00| 0 | ||
| 007 | ta | ||
| 008 | 221004b |||||||| |||| 00| 0 eng d | ||
| 020 | _a0822314988 | ||
| 024 | _a41099 | ||
| 037 | _cTextual | ||
| 040 |
_aCRL _cCRL _beng |
||
| 041 |
_2eng _aeng |
||
| 082 | _aO111,1H40:g, M4 | ||
| 100 |
_aWood Chauncey _9490778 |
||
| 245 | 0 | _aElements of Chaucer's Troilus | |
| 260 |
_aDurham _bDuke University USA _c1984 |
||
| 300 |
_axii, 204p _ccm. |
||
| 650 | _aENGLISH LITERATURE | ||
| 942 |
_hO111,1H40:g, M4 _cTEXL _2cc |
||
| 999 |
_c950765 _d950765 |
||